| 000 | 00922cam a22003015i 4500 | ||
|---|---|---|---|
| 999 |
_c14894 _d14894 |
||
| 003 | EG-ScBUE | ||
| 005 | 20210201131239.0 | ||
| 008 | 210201s2008 enkb g 000 f eng d | ||
| 020 | _a0752893440 | ||
| 020 | _a9780752893440 | ||
| 040 |
_aEG-ScBUE _beng _erda _cEG-ScBUE _dEG-ScBUE |
||
| 082 | 0 | 4 |
_a813.6 _bMOS _222 |
| 100 | 1 |
_aMosse, Kate, _d1961- _eauthor. _921816 |
|
| 245 | 1 | 0 |
_aSepulchre / _cKate Mosse. |
| 264 | 1 |
_aLondon : _bOrion Books, _c2008. |
|
| 300 |
_a739, 32 pages : _bmap ; _c24 cm. |
||
| 336 |
_atext _btxt _2rdacontent |
||
| 337 |
_aunmediated _bn _2rdamedia |
||
| 338 |
_avolume _bnc _2rdacarrier |
||
| 490 | 0 |
_aLanguedoc ; _v2 |
|
| 650 | 7 |
_aTarot cards _vFiction _2BUEsh _921817 |
|
| 650 | 7 |
_aTime travel _vFiction _2BUEsh _921818 |
|
| 651 | _2BUEsh | ||
| 653 |
_bHHUUEENN _cFebruary2021 _dBestSellers |
||
| 655 | _aFantasy fiction. | ||
| 942 |
_2ddc _cBB |
||